Catálogo

Vista normal Vista MARC

Entrada Personal Name

Número de registros utilizados en: 1

001 - CONTROL NUMBER

  • control field: 6464

003 - CONTROL NUMBER IDENTIFIER

  • control field: OSt

005 - DATE AND TIME OF LATEST TRANSACTION

  • control field: 20260415160034.0

008 - FIXED-LENGTH DATA ELEMENTS

  • fixed length control field: 180126 a|ac|n|aab||||||||||||a |n|||||||

040 ## - CATALOGING SOURCE

  • Original cataloging agency: MxPuUPA
  • Language of cataloging: spa
  • Description conventions: rda
  • Transcribing agency: Mx-PuUPA
  • Modifying agency: Mx-PuUPA

100 1# - HEADING--PERSONAL NAME

  • Personal name: Pérez Sanjulián, Joaquín,

372 ## - FIELD OF ACTIVITY

  • Field of activity: Historia

374 ## - OCCUPATION

  • Occupation: Director
  • Occupation: Autor

375 ## - GENDER

  • Gender: hombre

377 ## - ASSOCIATED LANGUAGE

  • Language code: spa
  • Source of code: MARC Code List for Languages

400 1# - SEE FROM TRACING--PERSONAL NAME

  • Personal name: Sanjulian, Joaquín Pérez

670 ## - SOURCE DATA FOUND

  • Source citation: Historia de la Santísima Virgen María, 1902:
  • Information found: portada (Joaquín Pérez Sanjulian)